[Event "SenWM Bad Zwischenahn"]
[Site "?"]
[Date "2008.11.08"]
[Round "11.2"]
[White "Suba, Mihai"]
[Black "Rotstein, Efim"]
[Result "1-0"]
[WhiteElo "2531"]
[BlackElo "2382"]
[PlyCount "129"]
[EventDate "2008.??.??"]
[BlackTeam "Köln-Brück"]

1. Nc3 d5 2. e4 dxe4 3. Nxe4 Bf5 4. Ng3 Bg6 5. h4 h6 6. h5 Bh7 7. Bc4 e6 8. d3
Nf6 9. Qe2 Nc6 10. Nf3 Na5 11. Bb5+ c6 12. Ba4 b5 13. Bb3 Bd6 14. Bd2 Nxb3 15.
axb3 O-O 16. Ne5 Qc7 17. Ba5 Qb7 18. O-O c5 19. Rfe1 Rac8 20. Bc3 b4 21. Bd2
Ne4 22. Nxe4 Bxe5 23. Ra2 Bb8 24. Be3 Bxe4 25. dxe4 Qxe4 26. Ra5 Rfd8 27. Qc4
Qe5 28. Rxc5 Rxc5 29. Qxc5 Qh2+ 30. Kf1 Qh1+ 31. Ke2 Qxg2 32. Qxb4 Qd5 33. Qc5
Qd7 34. Rg1 Rc8 35. Qd4 Qb5+ 36. Kd2 Be5 37. Qa4 Qd5+ 38. Kc1 Kh7 39. Kb1 Bf6
40. Qg4 Qe5 41. c3 Qd5 42. Qd1 Qb7 43. b4 Kh8 44. Qd3 Rd8 45. Qc4 Rd5 46. Kc2
Rxh5 47. Ra1 Qf3 48. Rxa7 Rh1 49. Qd3 Re1 50. Rxf7 Kg8 51. Rd7 Ra1 52. b5 Qh1
53. Rd8+ Kf7 54. Qd7+ Be7 55. Kb3 Qe4 56. Qe8+ Kf6 57. Rd4 Qb1 58. Rf4+ Ke5 59.
Qxe7 Qa2+ 60. Kb4 Qxb2+ 61. Kc5 Qxc3+ 62. Rc4 Qa3+ 63. Rb4 g5 64. Qg7+ Kf5 65.
Qf7+ 1-0

[Event "?"]
[Site "?"]
[Date "2008.11.08"]
[Round "11.87"]
[White "Rosenauer, Horst"]
[Black "Leitner, Walter"]
[Result "1-0"]
[WhiteElo "1661"]
[BlackElo "2095"]
[PlyCount "65"]
[EventDate "2008.??.??"]
[WhiteTeam "BSF Bergisch Gladbach"]
[BlackTeam "Gif sur Yvette"]

1. e4 e5 2. Nf3 Nc6 3. Bb5 a6 4. Ba4 Nf6 5. O-O Be7 6. Re1 b5 7. Bb3 O-O 8. c3
d5 9. exd5 e4 10. dxc6 exf3 11. Qxf3 Bg4 12. Qg3 Bd6 13. Qh4 Re8 14. f3 Bf5 15.
d4 Bxh2+ 16. Kxh2 Ng4+ 17. Kg3 Qxh4+ 18. Kxh4 Rxe1 19. fxg4 Rxc1 20. gxf5 Re8
21. a4 Kf8 22. axb5 axb5 23. Ra7 Rxb1 24. Rxc7 Rxb2 25. Rxf7+ Kg8 26. Bd5 Rc2
27. Rb7+ Kf8 28. Be6 Rxc3 29. d5 Ra8 30. Rf7+ Ke8 31. Rxg7 Ra4+ 32. g4 Kd8 33.
d6 1-0

[Event "?"]
[Site "?"]
[Date "2008.11.08"]
[Round "11.63"]
[White "Loktiev, Ivan"]
[Black "Glatthor, Thomas"]
[Result "1-0"]
[WhiteElo "2315"]
[BlackElo "1974"]
[PlyCount "65"]
[EventDate "2008.??.??"]
[BlackTeam "VfB Hermsdorf"]

1. e4 e5 2. Bc4 d6 3. d3 Nf6 4. f4 Nc6 5. Nf3 Bg4 6. h3 Bxf3 7. Qxf3 exf4 8.
Qxf4 Qe7 9. O-O Qe5 10. Qh4 Nd4 11. Qf2 Ne6 12. c3 Be7 13. Be3 O-O 14. Nd2 d5
15. d4 Qh5 16. exd5 Nxd5 17. g4 Qxh3 18. Bxd5 Qxg4+ 19. Qg2 Qxg2+ 20. Kxg2 c6
21. Bxe6 fxe6 22. Rae1 Rae8 23. Rxf8+ Bxf8 24. Bf4 h6 25. Nc4 b5 26. Ne5 c5 27.
dxc5 Bxc5 28. Rd1 g5 29. Nd7 gxf4 30. Nxc5 Kf7 31. Kf3 e5 32. Ke4 Kg6 33. Nd7
1-0

[Event "?"]
[Site "?"]
[Date "2008.11.08"]
[Round "11.24"]
[White "Feller, Joseph"]
[Black "Grinberg, Iosif"]
[Result "1/2-1/2"]
[WhiteElo "2220"]
[BlackElo "2294"]
[PlyCount "65"]
[EventDate "2008.??.??"]
[WhiteTeam "Petange"]
[BlackTeam "St.Petersburg"]

1. e4 Nc6 2. Nf3 e5 3. Bb5 Bb4 4. c3 Ba5 5. Na3 Nge7 6. Nc4 a6 7. Bxc6 Nxc6 8.
Nxa5 Nxa5 9. O-O Nc6 10. d4 exd4 11. cxd4 d5 12. exd5 Qxd5 13. Re1+ Be6 14. Ng5
Nxd4 15. Nxe6 fxe6 16. Be3 O-O-O 17. Bxd4 Qxd4 18. Qxd4 Rxd4 19. Rxe6 Rhd8 20.
Kf1 Rd1+ 21. Rxd1 Rxd1+ 22. Re1 Rxe1+ 23. Kxe1 Kd7 24. Kd2 Ke6 25. Kc3 Kd5 26.
Kd3 g5 27. f3 Ke5 28. g3 h6 29. Kc4 Kd6 30. b4 Ke6 31. Kd4 Kd6 32. Ke4 Ke6 33.
Kd4 1/2-1/2

[Event "?"]
[Site "?"]
[Date "2008.11.08"]
[Round "11.15"]
[White "Karasev, Vladimir"]
[Black "Bachmann, Karlheinz"]
[Result "1-0"]
[WhiteElo "2412"]
[BlackElo "2275"]
[PlyCount "59"]
[EventDate "2008.??.??"]
[BlackTeam "SF Katernberg"]

1. b4 c6 2. e3 Nf6 3. Bb2 d5 4. c4 Bg4 5. Qb3 e6 6. Nf3 Nbd7 7. Nc3 Be7 8. cxd5
cxd5 9. h3 Bh5 10. Be2 O-O 11. g4 Bg6 12. Nh4 Qb6 13. Nxg6 hxg6 14. a3 Nc5 15.
Qd1 Nfe4 16. Qc2 Nd7 17. Nxe4 dxe4 18. Qxe4 Bf6 19. d4 Bh4 20. O-O Nf6 21. Qf3
Nd5 22. e4 Ne7 23. Rac1 Rad8 24. Rc5 a6 25. Rd1 f5 26. gxf5 gxf5 27. Qh5 g5 28.
d5 fxe4 29. Qh8+ Kf7 30. Bh5+ 1-0

[Event "?"]
[Site "?"]
[Date "2008.11.08"]
[Round "11.50"]
[White "Arp, Frans"]
[Black "Szenetra, Werner"]
[Result "1-0"]
[WhiteElo "2080"]
[BlackElo "2270"]
[PlyCount "59"]
[EventDate "2008.??.??"]
[BlackTeam "SC Rastatt"]

1. e4 d6 2. d4 g6 3. Nc3 Bg7 4. Be3 a6 5. Be2 b5 6. h4 Bb7 7. h5 Nd7 8. h6 Bf8
9. Qd2 c5 10. Nf3 b4 11. Nd5 e6 12. Nf4 Bxe4 13. dxc5 dxc5 14. O-O-O Be7 15.
Bc4 Nb6 16. Qe2 Qc8 17. Ne5 Nf6 18. Nxf7 Nxc4 19. Nxh8 Ne5 20. f3 Bf5 21. g4
Nfxg4 22. fxg4 Bxg4 23. Qf2 Bf5 24. Nhxg6 Nxg6 25. Nxg6 Bxg6 26. Rhg1 Bf5 27.
Rg8+ Kf7 28. Rxc8 Rxc8 29. Qe2 c4 30. Qh5+ 1-0

[Event "?"]
[Site "?"]
[Date "2008.11.08"]
[Round "11.9"]
[White "Altshul, Raffael"]
[Black "Podgayets, M ykhaylo"]
[Result "0-1"]
[WhiteElo "2341"]
[BlackElo "2465"]
[PlyCount "56"]
[EventDate "2008.??.??"]

1. d4 Nf6 2. Nf3 g6 3. c4 Bg7 4. Nc3 O-O 5. e4 d6 6. Be2 Nbd7 7. Bg5 h6 8. Be3
e5 9. dxe5 dxe5 10. Nd2 c6 11. c5 Qe7 12. b4 Rd8 13. Qc1 Nf8 14. Nc4 Kh7 15.
O-O Ne6 16. Rd1 Nd4 17. f3 Ne8 18. Bf1 Be6 19. Rd2 Rd7 20. Qe1 b6 21. Rc1 bxc5
22. bxc5 Qxc5 23. Na4 Qb4 24. Qd1 Rb8 25. Rb1 Qe7 26. Qc1 Bf6 27. Rdb2 Rc7 28.
Bxh6 g5 0-1

[Event "?"]
[Site "?"]
[Date "2008.11.08"]
[Round "11.69"]
[White "Gerhardt, Peter-Michael"]
[Black "Oud, Niek"]
[Result "1-0"]
[WhiteElo "2155"]
[BlackElo "2025"]
[PlyCount "53"]
[EventDate "2008.??.??"]
[WhiteTeam "SC Vahr"]
[BlackTeam "VAS"]

1. d4 d5 2. c4 e6 3. Nc3 Nf6 4. Bg5 Be7 5. Nf3 h6 6. Bh4 O-O 7. e3 b6 8. cxd5
Nxd5 9. Bxe7 Qxe7 10. Be2 Bb7 11. O-O Nd7 12. Rc1 Rfd8 13. Nxd5 Bxd5 14. Rxc7
Bxa2 15. Qc2 Qb4 16. Nd2 Nc5 17. Bf3 Rab8 18. Rxa7 Nb3 19. Qc7 Rf8 20. Ne4 Na5
21. Nd6 e5 22. dxe5 Qxb2 23. Nf5 Be6 24. Ne7+ Kh7 25. Be4+ g6 26. Nxg6 Rfe8 27.
Nf8+ 1-0

[Event "?"]
[Site "?"]
[Date "2008.11.08"]
[Round "11.94"]
[White "Filzmaier, Bruno"]
[Black "Altrock, Rainer"]
[Result "1-0"]
[WhiteElo "1960"]
[BlackElo "2081"]
[PlyCount "53"]
[EventDate "2008.??.??"]
[WhiteTeam "SV Korneuburg"]
[BlackTeam "Rheydter Schachverein 1920"]

1. a3 g6 2. Nf3 Bg7 3. d4 d5 4. e3 Nf6 5. b4 Bg4 6. h3 Bxf3 7. Qxf3 O-O 8. Bb2
a5 9. b5 Nbd7 10. c4 dxc4 11. Bxc4 Nb6 12. Bb3 a4 13. Bc2 Nc4 14. Bc1 Qd7 15.
Nc3 Nb6 16. Qxb7 Rfe8 17. O-O Nfd5 18. Nxd5 Nxd5 19. Be4 Nc3 20. Bc6 Qc8 21.
Qxa8 Qxa8 22. Bxa8 Rxa8 23. Bd2 Nxb5 24. Bb4 e5 25. dxe5 Bxe5 26. Rad1 Rc8 27.
Rd5 1-0

[Event "?"]
[Site "?"]
[Date "2008.11.08"]
[Round "11.130"]
[White "Brandt, Fred"]
[Black "Luft, Helga"]
[Result "0-1"]
[WhiteElo "1917"]
[BlackElo "1802"]
[PlyCount "54"]
[EventDate "2008.??.??"]
[WhiteTeam "SV Königsjäger Süd-West"]
[BlackTeam "Elberfelder SG 1851"]

1. d4 d5 2. Nf3 e6 3. e3 c5 4. c3 Nc6 5. Bd3 h6 6. Nbd2 c4 7. Bc2 Bd7 8. Ne5
Nxe5 9. dxe5 b5 10. a3 Bc5 11. Nf3 Ne7 12. O-O O-O 13. Nd4 f5 14. exf6 Rxf6 15.
e4 e5 16. Nf3 Bg4 17. Be3 Bxf3 18. gxf3 d4 19. cxd4 exd4 20. Bd2 d3 21. Bb1 Nc6
22. b4 Bd4 23. Ra2 Ne5 24. f4 Nc6 25. Qe1 Rg6+ 26. Kh1 Qh4 27. Be3 Qh3 0-1

[Event "?"]
[Site "?"]
[Date "2008.11.08"]
[Round "11.88"]
[White "Jahr, Dieter"]
[Black "Kornath, Heinrich"]
[Result "1-0"]
[WhiteElo "2091"]
[BlackElo "1924"]
[PlyCount "49"]
[EventDate "2008.??.??"]
[WhiteTeam "SC Schwedt"]
[BlackTeam "SC Friesen Lichtenberg"]

1. c4 g6 2. Nc3 Bg7 3. d4 c5 4. d5 Bxc3+ 5. bxc3 f5 6. Nf3 Qa5 7. Qb3 Nf6 8. e3
Ne4 9. Bd3 Nd6 10. h4 Rg8 11. h5 g5 12. Bd2 b6 13. Qc2 e6 14. e4 g4 15. Ne5 Rf8
16. exf5 Nxf5 17. Nxg4 d6 18. O-O Kd8 19. Nh6 Ne7 20. dxe6 Bxe6 21. Rae1 Kd7
22. Be4 Nbc6 23. Bxc6+ Nxc6 24. Qxh7+ Ne7 25. Rxe6 1-0

[Event "?"]
[Site "?"]
[Date "2008.11.08"]
[Round "11.104"]
[White "Stürcken, Volker"]
[Black "Gustavsson, Sture"]
[Result "0-1"]
[WhiteElo "1893"]
[BlackElo "2040"]
[PlyCount "47"]
[EventDate "2008.??.??"]
[WhiteTeam "WSC v. 1887"]
[BlackTeam "Lerums SK"]

1. c4 Nf6 2. Nc3 g6 3. Nf3 Bg7 4. g3 O-O 5. Bg2 d6 6. d4 Nc6 7. O-O e5 8. d5
Ne7 9. e4 a5 10. h3 Bd7 11. a4 Qc8 12. Kh2 b6 13. Be3 h6 14. Nd2 Ne8 15. Rc1 f5
16. f4 Kh7 17. b3 fxe4 18. fxe5 Rxf1 19. Qxf1 Nf5 20. Qf2 Bxe5 21. Ndxe4 Nxe3
22. Qxe3 Ng7 23. Rf1 Nf5 24. Ne2 0-1

[Event "?"]
[Site "?"]
[Date "2008.11.08"]
[Round "11.103"]
[White "Jarvinen, Seppo"]
[Black "Titz, Herbert"]
[Result "1-0"]
[WhiteElo "1898"]
[BlackElo "2044"]
[PlyCount "45"]
[EventDate "2008.??.??"]
[WhiteTeam "LauttSK"]
[BlackTeam "Austria Wien"]

1. Nf3 d5 2. d4 Nf6 3. g3 c5 4. dxc5 Qa5+ 5. c3 Qxc5 6. Bg2 Nc6 7. O-O e6 8. b3
Qa5 9. Bf4 Be7 10. b4 Qb6 11. Nbd2 O-O 12. Rc1 Rd8 13. a4 Bd6 14. Bxd6 Rxd6 15.
Nc4 Qc7 16. Nxd6 Qxd6 17. Ng5 Qe7 18. e4 h6 19. exd5 Nxd5 20. Ne4 Rb8 21. Re1
b6 22. Nd2 Bb7 23. Bxd5 1-0

[Event "?"]
[Site "?"]
[Date "2008.11.08"]
[Round "11.36"]
[White "Pekun, Cem"]
[Black "Krueger, Erich"]
[Result "1/2-1/2"]
[WhiteElo "2125"]
[BlackElo "2247"]
[PlyCount "43"]
[EventDate "2008.??.??"]
[WhiteTeam "Turkiye"]
[BlackTeam "SF Katernberg"]

1. e4 c6 2. d4 d5 3. Nc3 dxe4 4. Nxe4 Bf5 5. Ng3 Bg6 6. Nf3 Nd7 7. h4 h6 8. h5
Bh7 9. Bd3 Bxd3 10. Qxd3 e6 11. Bd2 Ngf6 12. O-O-O Be7 13. Kb1 O-O 14. Ne4 Nxe4
15. Qxe4 Nf6 16. Qe2 Qd5 17. Ne5 Qe4 18. Qxe4 Nxe4 19. Be3 Rfd8 20. g4 c5 21.
dxc5 Bxc5 22. Bxc5 1/2-1/2

[Event "?"]
[Site "?"]
[Date "2008.11.08"]
[Round "11.64"]
[White "Rosen, Willy"]
[Black "Riek, Wolfgang"]
[Result "1-0"]
[WhiteElo "2309"]
[BlackElo "2061"]
[PlyCount "39"]
[EventDate "2008.??.??"]
[WhiteTeam "SF Katernberg"]
[BlackTeam "SC Stadtgrenze Mülheim"]

1. e4 c5 2. Nf3 d6 3. d4 cxd4 4. Nxd4 Nf6 5. Nc3 g6 6. Be3 Bg7 7. f3 Nc6 8. Qd2
Bd7 9. O-O-O a6 10. g4 b5 11. h4 Qa5 12. Nb3 Qc7 13. h5 gxh5 14. g5 b4 15. Ne2
Nxe4 16. fxe4 Ne5 17. Nf4 Bg4 18. Nd5 Qc6 19. Be2 a5 20. Bb5 1-0

[Event "SenWM"]
[Site "Bad Zwischenahn"]
[Date "2008.11.07"]
[Round "10.19"]
[White "Seuss, Oswald"]
[Black "Jakobsen, Ole"]
[Result "1-0"]
[WhiteElo "2195"]
[BlackElo "2351"]
[PlyCount "85"]
[EventDate "2008.??.??"]
[WhiteTeam "Flötzersteig"]
[BlackTeam "Solrød skakklub"]

1. e4 c5 2. Nf3 Nc6 3. d4 cxd4 4. Nxd4 Qb6 5. Nb3 Nf6 6. Nc3 e6 7. Be3 Qc7 8.
a3 a6 9. f4 d6 10. Be2 b5 11. O-O Be7 12. Qd2 O-O 13. Bf3 Rb8 14. Rad1 Nd7 15.
Nd4 Nxd4 16. Bxd4 Nb6 17. Qf2 Nc4 18. Qg3 f6 19. f5 Nxb2 20. Rde1 Nc4 21. Bg4
e5 22. Nd5 Qd8 23. Bf2 Bb7 24. Rd1 Bxd5 25. Rxd5 Qa5 26. Rd3 Rfc8 27. Bh5 Qd8
28. Qh4 Bf8 29. Bg6 h6 30. Qh5 Qd7 31. g4 Nb2 32. Rg3 d5 33. h4 Bc5 34. g5
Bxf2+ 35. Rxf2 dxe4 36. Kh2 fxg5 37. hxg5 Qd1 38. Bf7+ Kf8 39. Qg6 Rxc2 40.
Rxc2 Qxc2+ 41. Rg2 Qc1 42. Qd6+ Kxf7 43. g6+ 1-0

[Event "SenWM"]
[Site "Bad Zwischenahn"]
[Date "2008.11.07"]
[Round "10"]
[White "Podgayets, M ykhaylo"]
[Black "Westerinen, Heikki"]
[Result "1/2-1/2"]
[WhiteElo "2465"]
[BlackElo "2345"]
[PlyCount "83"]
[EventDate "2008.??.??"]
[BlackTeam "Oslo"]

1. d4 e6 2. Nf3 Nf6 3. c4 d5 4. Nc3 c5 5. cxd5 Nxd5 6. e3 Nc6 7. Bd3 cxd4 8.
exd4 Be7 9. O-O O-O 10. Re1 Bf6 11. Be4 Nce7 12. Ne5 Nf5 13. Ng4 Nxc3 14. Nxf6+
Qxf6 15. bxc3 Rd8 16. Bf4 Nd6 17. Bxh7+ Kxh7 18. Qh5+ Kg8 19. Bg5 Qf5 20. Re5
Qc2 21. Bxd8 Qxc3 22. Rd1 Bd7 23. Re3 Qc2 24. Rh3 f5 25. Bf6 Ne8 26. Be5 Rc8
27. Rf1 Rc3 28. Qh8+ Kf7 29. Bxg7 Rxh3 30. Qf8+ Kg6 31. Be5 Rh7 32. h4 Qe2 33.
Rc1 Qg4 34. Rc3 Qd1+ 35. Kh2 Rxh4+ 36. Rh3 Rxh3+ 37. gxh3 Qf3 38. Qg8+ Kh6 39.
Qh8+ Kg6 40. Qg8+ Kh6 41. Qh8+ Kg6 42. Qg8+ 1/2-1/2

[Event "SenWM"]
[Site "Bad Zwischenahn"]
[Date "2008.11.07"]
[Round "10"]
[White "Zunker, Reinhard"]
[Black "Muratoglu, Salih"]
[Result "0-1"]
[WhiteElo "2219"]
[BlackElo "2072"]
[PlyCount "82"]
[EventDate "2008.??.??"]
[WhiteTeam "SV Hofheim"]

1. e4 c6 2. d4 d5 3. e5 Bf5 4. Nc3 e6 5. g4 Bg6 6. Nge2 c5 7. h4 cxd4 8. Nxd4
h5 9. Bb5+ Nd7 10. f4 hxg4 11. f5 Rxh4 12. Rf1 Rh2 13. Qxg4 exf5 14. Nxf5 Bxf5
15. Qxf5 Qh4+ 16. Rf2 Qxf2+ 17. Qxf2 Rxf2 18. Kxf2 O-O-O 19. Bg5 Be7 20. Bf4
Bc5+ 21. Kf3 Ne7 22. Na4 Bb6 23. Re1 Nc6 24. Nxb6+ Nxb6 25. c3 Re8 26. Bd3 Nd7
27. Bf5 g6 28. e6 gxf5 29. exd7+ Kxd7 30. Rxe8 Kxe8 31. b4 a6 32. a4 b5 33.
axb5 axb5 34. Be3 Kd7 35. Kf4 Ke6 36. Bc5 Ne5 37. Bd4 f6 38. Ke3 Ng6 39. Kf3
Kf7 40. Bf2 Ne5+ 41. Ke2 f4 0-1

[Event "SenWM"]
[Site "Bad Zwischenahn"]
[Date "2008.11.07"]
[Round "10"]
[White "Glatthor, Thomas"]
[Black "Kool, Gerard"]
[Result "1/2-1/2"]
[WhiteElo "1974"]
[BlackElo "2157"]
[PlyCount "77"]
[EventDate "2008.??.??"]
[WhiteTeam "VfB Hermsdorf"]
[BlackTeam "SO Rotterdam"]

1. Nf3 Nf6 2. g3 g6 3. Bg2 d5 4. d3 Bg7 5. O-O O-O 6. c3 Re8 7. Nbd2 e5 8. e4
c6 9. Re1 Qc7 10. Qe2 Nbd7 11. b3 a5 12. c4 d4 13. a3 Nc5 14. Bb2 Bd7 15. h3
Nh5 16. Kh2 Bh6 17. b4 Na4 18. Nf1 b5 19. cxb5 cxb5 20. Bc1 Nc3 21. Qb2 Bxc1
22. Rexc1 a4 23. Ne3 Be6 24. Nd2 Qd6 25. Nd1 Rac8 26. Nxc3 Rxc3 27. Rxc3 dxc3
28. Qxc3 Rc8 29. Qb2 Qxd3 30. Bf1 Rc2 31. Bxd3 Rxb2 32. Rd1 Bd7 33. Kg2 Kf8 34.
Nf3 f6 35. Bf1 Ke7 36. Rd2 Rb3 37. Rd3 Rb1 38. Be2 Ng7 39. Rd1 1/2-1/2

[Event "SenWM"]
[Site "Bad Zwischenahn"]
[Date "2008.11.07"]
[Round "10.68"]
[White "Goy, Udo"]
[Black "Wittmann, Georg"]
[Result "1-0"]
[WhiteElo "2212"]
[BlackElo "2014"]
[PlyCount "75"]
[EventDate "2008.??.??"]
[WhiteTeam "SG Niederkassel"]
[BlackTeam "SV 51 Zerbst"]

1. d4 d5 2. c4 c6 3. Nc3 Nf6 4. Nf3 g6 5. Bg5 Bg7 6. e3 O-O 7. Bd3 h6 8. Bh4
dxc4 9. Bxc4 Nbd7 10. Qc2 Nb6 11. Bb3 Nbd5 12. O-O g5 13. Bg3 Nh5 14. Be5 f6
15. e4 fxe5 16. exd5 Bf5 17. dxc6+ Kh8 18. Qd1 bxc6 19. Nxe5 Bxe5 20. dxe5 Nf4
21. Qxd8 Raxd8 22. Rfd1 Nd3 23. Bc2 Nxe5 24. Rxd8 Rxd8 25. Bxf5 Rf8 26. Be4 Nc4
27. b3 Nd2 28. Rd1 Nxe4 29. Nxe4 Rf4 30. f3 g4 31. Kf2 h5 32. Ke3 e5 33. Rd6
gxf3 34. gxf3 Rh4 35. Rxc6 Rxh2 36. Rc7 Rxa2 37. Nf6 Re2+ 38. Kxe2 1-0

[Event "SenWM"]
[Site "Bad Zwischenahn"]
[Date "2008.11.07"]
[Round "10"]
[White "Butnorius, Algimantas"]
[Black "Gruzmann, Boris"]
[Result "1-0"]
[WhiteElo "2438"]
[BlackElo "2254"]
[PlyCount "73"]
[EventDate "2008.??.??"]
[WhiteTeam "Vilnius"]

1. d4 Nf6 2. c4 g6 3. Nc3 Bg7 4. e4 d6 5. Nf3 O-O 6. Be2 Bg4 7. Be3 Nfd7 8. Rc1
e5 9. d5 a5 10. O-O f5 11. a3 Bxf3 12. Bxf3 Na6 13. Rb1 Nac5 14. b4 axb4 15.
axb4 fxe4 16. Bg4 Na6 17. Nxe4 h6 18. Bxd7 Qxd7 19. b5 Nb8 20. c5 dxc5 21. Nxc5
Qf5 22. Nxb7 Nd7 23. d6 cxd6 24. Nxd6 Qe6 25. b6 Rad8 26. Qb3 Qxb3 27. Rxb3 Nb8
28. Nb7 Rd5 29. Nc5 Kf7 30. g3 Rc8 31. Ne4 g5 32. Ra1 Bf8 33. Ra7+ Rd7 34.
Rxd7+ Nxd7 35. b7 Rc4 36. f3 Bb4 37. Rd3 1-0

[Event "SenWM"]
[Site "Bad Zwischenahn"]
[Date "2008.11.07"]
[Round "10"]
[White "Titz, Heimo"]
[Black "Bayer, Wolfgang"]
[Result "1-0"]
[WhiteElo "2201"]
[BlackElo "2052"]
[PlyCount "53"]
[EventDate "2008.??.??"]
[WhiteTeam "Klagenfurter"]
[BlackTeam "SK Mannheim-Lindenhof 1865"]

1. c4 c5 2. Nc3 Nc6 3. g3 g6 4. Bg2 Bg7 5. Nf3 Nf6 6. d4 cxd4 7. Nxd4 O-O 8.
O-O Qb6 9. Nc2 d6 10. b3 Be6 11. Bd2 Rab8 12. Ne3 Rfc8 13. Rc1 a6 14. Ncd5 Qd8
15. Bc3 Ne8 16. Qd2 Bxc3 17. Rxc3 Bxd5 18. Nxd5 Nc7 19. Nb6 Ne6 20. Nxc8 Qxc8
21. Bh3 f5 22. e4 Nc5 23. exf5 Ne5 24. f4 Nc6 25. Re1 Qd7 26. Rce3 gxf5 27. b4
1-0

[Event "SenWM"]
[Site "Bad Zwischenahn"]
[Date "2008.11.07"]
[Round "10.29"]
[White "Grinberg, Iosif"]
[Black "Schmid, Hartmut"]
[Result "1-0"]
[WhiteElo "2294"]
[BlackElo "2200"]
[PlyCount "53"]
[EventDate "2008.??.??"]
[WhiteTeam "St.Petersburg"]
[BlackTeam "SSF 1879"]

1. Nf3 d5 2. d4 Nf6 3. c4 e6 4. Nc3 c6 5. Bg5 Be7 6. e3 Nbd7 7. Bd3 dxc4 8.
Bxc4 b5 9. Bd3 a6 10. a4 Bb7 11. O-O O-O 12. h3 b4 13. Ne2 c5 14. Ng3 Nd5 15.
Bxe7 Qxe7 16. Rc1 Rac8 17. Qe2 a5 18. Ba6 Bxa6 19. Qxa6 Ra8 20. Qe2 cxd4 21.
Nxd4 Qd6 22. Rc6 Qe5 23. Rfc1 h6 24. Nf3 Qb8 25. e4 N5f6 26. b3 Qf4 27. e5 1-0

[Event "SenWM"]
[Site "Bad Zwischenahn"]
[Date "2008.11.07"]
[Round "10"]
[White "Brinck-Claussen, Bjørn"]
[Black "Kapengut, Albert"]
[Result "1-0"]
[WhiteElo "2275"]
[BlackElo "2430"]
[PlyCount "53"]
[EventDate "2008.??.??"]
[WhiteTeam "Bronshoj Skakforening"]

1. e4 e6 2. d4 d5 3. Nc3 Bb4 4. e5 c5 5. a3 Ba5 6. b4 cxd4 7. Nb5 Bc7 8. f4 Nh6
9. Bd3 O-O 10. Nf3 Nc6 11. Nxc7 Qxc7 12. Bb2 f6 13. b5 fxe5 14. bxc6 e4 15.
cxb7 Bxb7 16. g3 Nf5 17. Nxd4 Qb6 18. Bb5 Rf7 19. Rb1 e5 20. fxe5 Ne3 21. Qd2
Ng4 22. e6 Rf2 23. Qb4 Qc7 24. Qc3 Qe7 25. Be2 Rc8 26. Qb4 Qg5 27. Qxb7 1-0

[Event "SenWM"]
[Site "Bad Zwischenahn"]
[Date "2008.11.07"]
[Round "10"]
[White "Kuindzhy, Alexander"]
[Black "Dornieden, Manfred Dr"]
[Result "1-0"]
[WhiteElo "2395"]
[BlackElo "2266"]
[PlyCount "51"]
[EventDate "2008.??.??"]
[BlackTeam "SK Union Oldenburg"]

1. e4 g6 2. d4 Bg7 3. c3 d6 4. f4 Nf6 5. e5 Nd5 6. Nf3 O-O 7. Be2 c5 8. c4 Nb6
9. dxc5 dxc5 10. Qxd8 Rxd8 11. Be3 Na6 12. Nc3 Be6 13. b3 Nb4 14. Rc1 Rac8 15.
a3 Nd3+ 16. Bxd3 Rxd3 17. Kf2 Rdd8 18. Rhd1 Rxd1 19. Rxd1 Bg4 20. h3 Bxf3 21.
Kxf3 e6 22. a4 Bf8 23. a5 Na8 24. Rd7 Nc7 25. Ne4 b6 26. Nf6+ 1-0

[Event "SenWM"]
[Site "Bad Zwischenahn"]
[Date "2008.11.07"]
[Round "10"]
[White "Kivipelto, Kaj"]
[Black "Opl, Klaus"]
[Result "1-0"]
[WhiteElo "2190"]
[BlackElo "2362"]
[PlyCount "51"]
[EventDate "2008.??.??"]
[WhiteTeam "Ks-58 helsinki"]

1. Nf3 c5 2. g3 Nc6 3. Bg2 g6 4. O-O Bg7 5. c4 e5 6. Nc3 Nge7 7. d3 O-O 8. Bd2
d6 9. Rb1 h6 10. Nd5 Nxd5 11. cxd5 Ne7 12. Qc1 Kh7 13. b4 cxb4 14. Rxb4 b6 15.
Qa3 Bb7 16. e4 f5 17. Rc4 fxe4 18. dxe4 b5 19. Ba5 Qe8 20. Rc7 Bxd5 21. exd5
Nxd5 22. Ng5+ hxg5 23. Bxd5 Rc8 24. Rfc1 Rxc7 25. Rxc7 g4 26. Qxd6 1-0

[Event "SenWM"]
[Site "Bad Zwischenahn"]
[Date "2008.11.07"]
[Round "10"]
[White "Pribyl, Josef"]
[Black "Malisov, Boris"]
[Result "1/2-1/2"]
[WhiteElo "2343"]
[BlackElo "2390"]
[PlyCount "45"]
[EventDate "2008.??.??"]
[WhiteTeam "Schachhaus Ludwigshafen"]
[BlackTeam "Jerucess, Jerusalem"]

1. d4 c5 2. d5 Nf6 3. Nc3 g6 4. e4 Bg7 5. e5 Ng8 6. Nf3 d6 7. Bb5+ Kf8 8. exd6
exd6 9. Bg5 f6 10. Bf4 Nh6 11. O-O a6 12. Be2 Nf7 13. a4 f5 14. Qc1 Bf6 15. Bd2
b6 16. Ne1 Ra7 17. f4 Re7 18. Bc4 Kg7 19. Nf3 Rhe8 20. Re1 Rxe1+ 21. Bxe1 Nd7
22. Bd2 Bb7 23. Qf1 1/2-1/2

[Event "SenWM"]
[Site "Bad Zwischenahn"]
[Date "2008.11.07"]
[Round "10"]
[White "Kripp, Wolfgang"]
[Black "Rosenauer, Horst"]
[Result "1-0"]
[WhiteElo "2181"]
[BlackElo "1661"]
[PlyCount "43"]
[EventDate "2008.??.??"]
[WhiteTeam "SAbt Dietzenbach"]
[BlackTeam "BSF Bergisch Gladbach"]

1. e4 e5 2. Nf3 Nc6 3. d4 exd4 4. c3 d5 5. exd5 Qxd5 6. cxd4 Bg4 7. Be2 Nf6 8.
Nc3 Qh5 9. h3 O-O-O 10. Be3 Nd5 11. Nxd5 Rxd5 12. O-O Bd7 13. Ne5 Qh4 14. Nxd7
Kxd7 15. Bf3 Rd6 16. Qb3 Nxd4 17. Bxd4 Qxd4 18. Bg4+ Ke7 19. Qxb7 Qb6 20. Rae1+
Kf6 21. Qf3+ Kg6 22. Qf5+ 1-0

[Event "SenWM"]
[Site "Bad Zwischenahn"]
[Date "2008.11.07"]
[Round "10"]
[White "Brøndum, Eric"]
[Black "Rosen, Willy"]
[Result "1-0"]
[WhiteElo "2118"]
[BlackElo "2309"]
[PlyCount "43"]
[EventDate "2008.??.??"]
[WhiteTeam "SK41"]
[BlackTeam "SF Katernberg"]

1. d4 Nf6 2. c4 e6 3. Nf3 b6 4. g3 Bb7 5. Bg2 Be7 6. O-O O-O 7. Nc3 Ne4 8. Nxe4
Bxe4 9. Ne1 Bxg2 10. Nxg2 c5 11. dxc5 bxc5 12. b3 d6 13. Bb2 Qb6 14. Nf4 Rd8
15. Qd3 Nc6 16. Rfd1 Bf8 17. Qe4 a5 18. Rab1 Rab8 19. Bc3 Rb7 20. Nh5 Qc7 21.
Nf6+ gxf6 22. Qg4+ 1-0

[Event "SenWM"]
[Site "Bad Zwischenahn"]
[Date "2008.11.07"]
[Round "10"]
[White "Olesen, Poul Erik Nørgaard"]
[Black "Siegmund, Rainer"]
[Result "1/2-1/2"]
[WhiteElo "2035"]
[BlackElo "2153"]
[PlyCount "37"]
[EventDate "2008.??.??"]
[WhiteTeam "Nørresundby Skakklub"]
[BlackTeam "SV Dresden-Striesen 1990"]

1. d4 Nf6 2. Nf3 e6 3. g3 d5 4. Bg2 Be7 5. O-O O-O 6. c4 dxc4 7. Ne5 Nc6 8.
Nxc6 bxc6 9. Bxc6 Rb8 10. Bg2 Bb7 11. Nc3 Bxg2 12. Kxg2 c5 13. dxc5 Qc8 14. Qa4
Qxc5 15. Be3 Qc7 16. Rab1 a5 17. Rfc1 Rb4 18. Qc2 Rc8 19. Bd2 1/2-1/2

[Event "SenWM"]
[Site "Bad Zwischenahn"]
[Date "2008.11.07"]
[Round "10"]
[White "Fischer, Paul"]
[Black "Dallmeier, Gerhard"]
[Result "1-0"]
[WhiteElo "1924"]
[BlackElo "1850"]
[PlyCount "35"]
[EventDate "2008.??.??"]
[WhiteTeam "SF Drensteinfurt"]
[BlackTeam "SK Weissenfels"]

1. Nc3 Nf6 2. e4 d6 3. d4 c5 4. Bb5+ Bd7 5. Qd3 a6 6. Bxd7+ Nbxd7 7. f4 g6 8.
Nf3 Bg7 9. e5 dxe5 10. dxe5 Ng4 11. h3 Nh6 12. g4 Rc8 13. Be3 c4 14. Qe4 Rc6
15. Nd4 Rb6 16. O-O-O Qc8 17. Nd5 Qc6 18. Nxc6 1-0

[Event "Bad Zwischenahn"]
[Site "SenWM"]
[Date "2008.11.06"]
[Round "9.9"]
[White "Jakobsen, Ole"]
[Black "Bogdanov, Valentin"]
[Result "0-1"]
[WhiteElo "2351"]
[BlackElo "2383"]
[PlyCount "106"]
[EventDate "2008.??.??"]
[WhiteTeam "Solrød skakklub"]
[BlackTeam "Odessa"]

1. c4 Nf6 2. Nc3 e5 3. g3 d5 4. cxd5 Nxd5 5. Bg2 Nb6 6. d3 Be7 7. Nf3 Nc6 8. a3
O-O 9. O-O a5 10. Be3 Kh8 11. Na4 Nxa4 12. Qxa4 f6 13. Rfc1 Bd7 14. Qc2 Be6 15.
Nd2 Bd5 16. Bxd5 Qxd5 17. Qc4 Qd7 18. Qb5 Rab8 19. Nc4 Qh3 20. Nxa5 Nxa5 21.
Qxa5 Bd6 22. Rc4 Qh5 23. Re1 f5 24. Qd5 b6 25. Rh4 Qg6 26. Qg2 Rbe8 27. Bd2 Qf7
28. Rc4 e4 29. Rcc1 Qb3 30. Bc3 e3 31. f4 Re6 32. Qf3 Kg8 33. Bd4 Rfe8 34. Rc6
h6 35. Rec1 R8e7 36. R1c2 Kh7 37. R6c3 Qb5 38. Qc6 Qa6 39. Qd5 c5 40. Bxe3 Rxe3
41. Qxd6 Qb7 42. d4 R3e6 43. Qd8 Re8 44. Qh4 Rxe2 45. Qh3 Re1+ 46. Kf2 Qh1 47.
Qxf5+ Kh8 48. Qh3 cxd4 49. Rc8 d3 50. Rxe8+ Rxe8 51. Rc8 Qe1+ 52. Kg2 Qe2+ 53.
Kg1 d2 0-1